| 000 | 00580nam a22001817a 4500 | ||
|---|---|---|---|
| 999 |
_c7724 _d7724 |
||
| 003 | AR-CdUCM | ||
| 008 | 190321b ||||| |||| 00| 0 spa d | ||
| 040 |
_aMUNICIPALIDAD PROVINCIAL DEL CUSCO _cBIBLIOTECA MUNICIPAL DEL CUSCO |
||
| 082 |
_a868.65 / _bG23 _22ed. |
||
| 100 |
_aGarcía Lorca, Federico _96798 |
||
| 245 |
_aLa Casa de Bernarda Alba : _bdrama de mujeres en los pueblos de España / |
||
| 260 |
_aBuenos Aires : _bLosada, _c1945. |
||
| 300 |
_a125 páginas ; _c18 cm. |
||
| 650 |
_aTeatro español _9648 |
||
| 650 |
_aSiglo XX _98 |
||
| 942 |
_2ddc _cLIBROS |
||
| 945 | _azta | ||